| 000 | 00729cam a22002653a 4500 | ||
|---|---|---|---|
| 001 | 1262 | ||
| 003 | PGUSA | ||
| 005 | 20140828082959.0 | ||
| 008 | 980401s1998||||xxu|||||s|||||000 1 eng d | ||
| 040 |
_aPGUSA _beng |
||
| 042 | _adc | ||
| 050 | 4 | _aPS | |
| 100 | 1 |
_aGrey, Zane, _d1872-1939 |
|
| 245 | 1 | 4 |
_aThe Heritage of the Desert : _bA Novel _h[electronic resource] / _cZane Grey |
| 260 |
_bProject Gutenberg, _c1998 |
||
| 506 | _aPublic domain in the USA. | ||
| 516 | _aElectronic text | ||
| 653 | _aDeserts -- Fiction | ||
| 653 | _aUtah -- Fiction | ||
| 653 | _aWestern stories | ||
| 653 | _aMormons -- Fiction | ||
| 830 | 0 |
_aProject Gutenberg _v1262 |
|
| 856 | 4 | 0 | _uhttp://www.gutenberg.org/ebooks/1262 |
| 942 | _cEB | ||
| 999 |
_c230610 _d230610 |
||